00277nam a2200097 a 450000500170000000800410001705000170005810000230007524500710009826000100016920141022142009.0120229s19uu xx 00 eng d aCDbSt9 2007 aHargreaves, Sandra aStudy skills for dyslexic students /cedited by Sandra Hargreaves. c2007.